Livestock marketing and diversification of agriculture / (Record no. 9637)
[ view plain ]
| 000 -LEADER | |
|---|---|
| fixed length control field | 00812 a2200229 4500 |
| 010 ## - LIBRARY OF CONGRESS CONTROL NUMBER | |
| LC control number | ENG-88997 |
| 020 ## - INTERNATIONAL STANDARD BOOK NUMBER | |
| Terms of availability | 500.00 |
| International Standard Book Number | 8189652249 |
| 035 ## - SYSTEM CONTROL NUMBER | |
| System control number | EN-72530 |
| 037 ## - SOURCE OF ACQUISITION | |
| Source of stock number/acquisition | DBAD / PUB |
| 082 14 - DEWEY DECIMAL CLASSIFICATION NUMBER | |
| Classification number | 338.176080954 |
| 090 ## - LOCALLY ASSIGNED LC-TYPE CALL NUMBER (OCLC); LOCAL CALL NUMBER (OCLC) | |
| -- | 9816 |
| -- | 9816 |
| 245 10 - TITLE STATEMENT | |
| Title | Livestock marketing and diversification of agriculture / |
| Statement of responsibility, etc | by Nizamuddin Khan ... [et al] |
| 260 ## - PUBLICATION, DISTRIBUTION, ETC. (IMPRINT) | |
| Place of publication, distribution, etc | Delhi |
| Name of publisher, distributor, etc | Vista International Publishing House |
| Date of publication, distribution, etc | 2006 |
| 270 ## - ADDRESS | |
| Address | V-196, Near Shiv Sadhna Mandir, C-11, Yamuna Vihar, |
| City | Delhi |
| Postal code | 110 053 |
| 300 ## - PHYSICAL DESCRIPTION | |
| Extent | xiv, 179p. |
| Dimensions | 22 cm (Hb) |
| 700 ## - ADDED ENTRY--PERSONAL NAME | |
| Personal name | Khan, Nizamuddin |
| 700 ## - ADDED ENTRY--PERSONAL NAME | |
| Personal name | Hashmi, S.Najmul Islam |
| 700 ## - ADDED ENTRY--PERSONAL NAME | |
| Personal name | Ateeque Ahmad |
| 700 ## - ADDED ENTRY--PERSONAL NAME | |
| Personal name | Hoda, Md. Minhajul |
| 942 ## - ADDED ENTRY ELEMENTS (KOHA) | |
| Institution code [OBSOLETE] | dpl |
| Koha item type | English Books |
| Call number prefix | 338.176080954 / LIV |
| Withdrawn status | Lost status | Source of classification or shelving scheme | Damaged status | Not for loan | Collection code | Home library | Current library | Source of acquisition | Cost, normal purchase price | Total Checkouts | Full call number | Barcode | Date last seen | Copy number | Uniform Resource Identifier | Cost, replacement price | Price effective from | Koha item type |
|---|---|---|---|---|---|---|---|---|---|---|---|---|---|---|---|---|---|---|
| Dewey Decimal Classification | Not For Loan | Non-fiction | D.B.Act.Division | D.B.Act.Division | DBAD/PUB | 500.00 | 338.176080954 LIV | EN-72530 | 15/09/2008 | 1 | 10625 | 500.00 | 15/09/2008 | English Books |
